000 00436nam a22001217a 4500
999 _c11884
_d11884
008 190111b ||||| |||| 00| 0 eng d
020 _a971-27-1296-6
082 _22003
_aDFil 305.89921
_bM661
245 _aMindanao on the mend/
_cedited by Eliseo R. Mercado, Jr. and Margie Moran Floirendo; photographs by Ryan Anson
300 _a136 pages:
_billustrations ;
_c26 cm
650 _aEthnicity
_zCentral Mindanao
_933810
942 _2ddc
_cDFIL